000 nam a22 a 4500
999 _c3650
_d3650
003 AKMAL
005 20170523143732.0
008 170523s1983 ny 00 eng d
020 _a0442214901
020 _a0442214898 (pbk.)
040 _aAKMAL
082 0 4 _a696 COW
090 _a696
_bCOW
100 1 _aCowan, Henry J.
_97219
245 1 _aEnvironmental systems /
_cHenry J. Cowan, Peter R. Smith
260 _aNew York :
_bVan Nostrand Reinhold,
_cc1983
300 _a240p. :
_bill. ;
_c28x22cm
504 _aIncludes bibliographical references
650 _aBuildings
_xEnvironmental engineering
_97220
700 1 _aSmith, Peter R.
_97221
942 _2ddc
_cBOOK